| 000 | 00565cam a22001937a 4500 | ||
|---|---|---|---|
| 001 | 001049 | ||
| 003 | armpunfd | ||
| 005 | 20140612090628.0 | ||
| 008 | 011217e2001####xx#a##########000#0#und#d | ||
| 040 |
_aarmpunfd _carmpunfd |
||
| 080 | _a340.11 Z 82 | ||
| 100 | 1 | 0 | _a Zucchi, Hector A. |
| 245 | 1 | 0 | _aDerecho como objeto tridimensional |
| 260 |
_a Cordoba _b Academia Nacional De Derecho Y Ciencias Sociales _c2001 |
||
| 300 | _a214p. | ||
| 650 | 7 |
_a Teoria Del Derecho/ Filosofia Del Derecho _2LEMB |
|
| 942 |
_cLB _2cdu |
||
| 945 |
_aCatalis _d2010-08-19 |
||
| 999 |
_c1040 _d231544 |
||